Word Laddyrinth IX Quiz Stats

 Plays Quiz Updated Oct 1, 2018

Score 0/192 Timer 07:00
1 Play Today
% Correct
Fill in the __
99.8%
FINISH
99.4%
tasteless
98.4%
side
98.4%
0~O~0~O~0~O~0
98.4%
0~O~0~O~0~O~0
98.4%
BLANK
98.3%
0~O~0~O~0~O~0
95.5%
0~O~0~O~0~O~0
95.5%
cow marking
94.6%
BLAND
94.5%
0~O~0~O~0~O~0
92.2%
0~O~0~O~0~O~0
92.2%
woven hairstyle
87.8%
BRAND
87.7%
vital organ
86.5%
BRAID
86.4%
0~O~0~O~0~O~0
86%
0~O~0~O~0~O~0
86%
rice or wheat, eg
85.9%
BRAIN
85.8%
holy chalice
85%
GRAIN
84.9%
0~O~0~O~0~O~0
84.8%
0~O~0~O~0~O~0
84.8%
liquid container
83.7%
FLANK
83.6%
0~O~0~O~0~O~0
83.3%
0~O~0~O~0~O~0
83.3%
weak
82.6%
GRAIL
82.5%
0~O~0~O~0~O~0
82.4%
0~O~0~O~0~O~0
82.4%
path
82%
0~O~0~O~0~O~0
82%
0~O~0~O~0~O~0
82%
FRAIL
81.8%
move limbs wildly
81.8%
characteristic
81%
TRAIL
80.8%
plot of land
80.4%
TRAIT
79.9%
0~O~0~O~0~O~0
78.9%
0~O~0~O~0~O~0
78.9%
flicker of light
78.7%
FLASK
78.4%
FLAIL
78.2%
0~O~0~O~0~O~0
74%
0~O~0~O~0~O~0
74%
disagreement
73.6%
0~O~0~O~0~O~0
73.1%
0~O~0~O~0~O~0
73.1%
FLASH
72.7%
0~O~0~O~0~O~0
69.3%
0~O~0~O~0~O~0
69.3%
0~O~0~O~0~O~0
69.2%
0~O~0~O~0~O~0
69.2%
0~O~0~O~0~O~0
68.7%
0~O~0~O~0~O~0
68.7%
social division
67.9%
duplicate
67.5%
fastener
66.9%
CLASH
66.9%
cup
66.3%
% Correct
0~O~0~O~0~O~0
66.2%
0~O~0~O~0~O~0
66.2%
TRACT
66%
lawn
66%
disgusting
65.7%
GLASS
65.6%
CLASS
65.6%
clutch
65.5%
GRASS
65.5%
traverse
65.4%
GROSS
64.3%
0~O~0~O~0~O~0
64.2%
0~O~0~O~0~O~0
64.2%
charm; elegance
64.2%
evaluate
63.7%
0~O~0~O~0~O~0
63.5%
0~O~0~O~0~O~0
63.5%
0~O~0~O~0~O~0
63.2%
0~O~0~O~0~O~0
63.2%
shred
62.9%
a salad green
62.6%
uncouth
62.5%
CROSS
62.5%
TRACE
62.4%
support
62.4%
GRACE
62.1%
0~O~0~O~0~O~0
61.9%
0~O~0~O~0~O~0
61.9%
0~O~0~O~0~O~0
61.8%
0~O~0~O~0~O~0
61.8%
vine fruit
61.3%
resting place
61.2%
0~O~0~O~0~O~0
61.2%
0~O~0~O~0~O~0
61.2%
complain
61.1%
GRAPE
61.1%
CLASP
61%
GRADE
60.6%
GRASP
59.9%
0~O~0~O~0~O~0
59.3%
0~O~0~O~0~O~0
59.3%
orchard
58.9%
GRAVE
58.6%
0~O~0~O~0~O~0
58.5%
0~O~0~O~0~O~0
58.5%
rotation device
58.3%
CRASS
57.7%
filth
57.2%
GRIPE
57.1%
lifting machine
56.5%
wooden box
56%
0~O~0~O~0~O~0
55.3%
0~O~0~O~0~O~0
55.3%
gauntlet
55.2%
GROVE
54.8%
operated a vehicle
54.8%
CRANE
54.7%
DROVE
54.3%
CRATE
54.3%
0~O~0~O~0~O~0
53.3%
0~O~0~O~0~O~0
53.3%
GRATE
53%
1903 invention
53%
practical joke
52.6%
% Correct
clothe
52.3%
CRESS
52.3%
BRACE
52.3%
PLANK
52.2%
DRESS
52.2%
board
52%
GRIME
51.8%
illegal act
51.8%
CRIME
51.7%
PRANK
51.1%
imbibed
51.1%
0~O~0~O~0~O~0
50.8%
0~O~0~O~0~O~0
50.8%
0~O~0~O~0~O~0
49.7%
0~O~0~O~0~O~0
49.7%
CRANK
48.4%
0~O~0~O~0~O~0
48%
0~O~0~O~0~O~0
48%
location
48%
PLANE
47.5%
garlic unit
46.9%
0~O~0~O~0~O~0
46.8%
0~O~0~O~0~O~0
46.8%
0~O~0~O~0~O~0
46.7%
0~O~0~O~0~O~0
46.7%
replicate
46.7%
proximate
46.7%
CLOVE
46.6%
dish
46.6%
PLACE
46.5%
harmony; serenity
46.5%
GLOVE
46.4%
PLATE
46.1%
0~O~0~O~0~O~0
45%
0~O~0~O~0~O~0
45%
desolate
44.8%
CLONE
44.7%
DRANK
44.2%
PEACE
43.9%
0~O~0~O~0~O~0
43.3%
0~O~0~O~0~O~0
43.3%
make up for
43%
together with
43%
ALONE
42.9%
opted
40.9%
CLOSE
40.9%
plural of that
40.3%
CHOSE
40.3%
kidney accretion
39.4%
ATONE
39.3%
THOSE
39.1%
amidst
36.9%
ALONG
36.9%
AMONG
36.1%
0~O~0~O~0~O~0
35.4%
0~O~0~O~0~O~0
35.4%
kitchen appliance
35.4%
STONE
35.3%
push
35.1%
STOVE
35.1%
shear
34.6%
SHOVE
34.5%
WELL DONE
29.8%
SHAVE
29.6%

You're not logged in!

Compare scores with friends on all Sporcle quizzes.
OR
Log In

Sporcle TV

Today on Sporcle TV


Watch our educational content, quiz creation guides, and fun videos on Sporcle TV.

Show Comments

Extras

Top Quizzes Today


Score Distribution

Your Account Isn't Verified!

In order to create a playlist on Sporcle, you need to verify the email address you used during registration. Go to your Sporcle Settings to finish the process.

Report this User

Report this user for behavior that violates our Community Guidelines.

Details: